Music Quiz

Random Music or Artist Quiz
Score 0/20 Timer 03:00
0 Plays Today
% Correct
Simon
97%
Guns
97%
Earth, Wind
97%
Salt
94.4%
Bob Marley
91.8%
Florence
91.3%
Hall
90.9%
KC
86.6%
Iggy Pop
86.1%
Mike
86.1%
% Correct
Joan Jett
85.7%
The Jesus
81.8%
Echo
81%
Sly
79.2%
Siouxsie
79.2%
Prince
78.4%
Coheed
75.3%
Charles
72.7%
K-Ci
66.7%
Chaka Demus
58.9%
Remove Ads.
Support Sporcle.
Get the best of Sporcle when you Go Orange. This ad-free experience offers more features, more stats, and more fun while also helping to support Sporcle. Thank you for becoming a member.

You're not logged in!

Compare scores with friends on all Sporcle quizzes.
OR
Log In

Show Comments

Extras

Top Quizzes Today


Score Distribution

Your Account Isn't Verified!

In order to create a playlist on Sporcle, you need to verify the email address you used during registration. Go to your Sporcle Settings to finish the process.

Report this User

Report this user for behavior that violates our Community Guidelines.

Details: